| 000 | 01367cam a2200349 a 4500 | ||
|---|---|---|---|
| 001 | 15503618 | ||
| 005 | 20090423144612.0 | ||
| 008 | 081029s2009 njua 001 0 eng | ||
| 010 | _a 2008047478 | ||
| 015 |
_aGBA900771 _2bnb |
||
| 016 | 7 |
_a014864267 _2Uk |
|
| 020 | _a9780137129393 (pbk. : alk. paper) | ||
| 020 | _a0137129394 (pbk. : alk. paper) | ||
| 035 | _a(OCoLC)232978366 | ||
| 040 |
_aDLC _cDLC _dBTCTA _dBAKER _dYDXCP _dUKM _dC#P _dBWX _dCDX _dDLC |
||
| 050 | 0 | 0 |
_aTK5105.8885.J42 _bY832 2009 |
| 082 | 0 | 0 |
_a005.2762 _222 _bYUA |
| 100 | 1 |
_aYuan, Michael Juntao. _911520 |
|
| 245 | 1 | 0 |
_aSeam framework : _bexperience the evolution of Java EE / _cMichael Juntao Yuan, Jacob Orshalick, Thomas Heute. |
| 250 | _a2nd ed. | ||
| 260 |
_aUpper Saddle River, NJ : _bPrentice Hall, _cc2009. |
||
| 300 |
_axxi, 473 p. : _bill. ; _c24 cm. |
||
| 500 | _aIncludes index. | ||
| 630 | 0 | 0 |
_aJBoss. _911521 |
| 650 | 0 |
_aWeb servers _xManagement. _911522 |
|
| 650 | 0 |
_aJava (Computer program language) _911523 |
|
| 700 | 1 |
_aOrshalick, Jacob. _911524 |
|
| 700 | 1 |
_aHeute, Thomas. _911525 |
|
| 942 |
_2ddc _cBB |
||
| 999 |
_c13425 _d13425 |
||